Loading...

Invertebrate photoreceptors /

Bibliografiske detaljer
Hovedforfatter: Walker
Format: Printed Book
Sprog:English
Udgivet: Acadamic c1971.
LEADER 00361nam a2200109Ia 4500
008 130611s9999 xx 000 0 eng d
100 |a Walker 
245 |a Invertebrate photoreceptors / 
260 |b Acadamic  |c c1971. 
942 |c BK 
999 |c 127829  |d 127829 
952 |0 0  |1 0  |2 ddc  |4 0  |6 592_000000000000000_WOL_I  |7 0  |9 141210  |a ZOO  |b ZOO  |c ST1  |d 2013-06-11  |o 592 WOL/I  |p ZOO2099  |r 2013-06-11  |y BK